| 000 | 00000nam 2200000za 4500 |
| 001 | 9.676806 |
| 003 | CaOODSP |
| 005 | 20230926101554 |
| 007 | cr ||||||||||| |
| 008 | 150407|1988||||xxc|||||o f|0| 0 fre d |
| 040 | |aCaOODSP|bfre |
| 041 | |aeng |
| 041 | |afre |
| 043 | |an-cn--- |
| 086 | 1 |aYX44-1985/II-PDF |
| 110 | 1 |aCanada.|bStatuts. |
| 245 | 10|aLois révisées du Canada (1985). 2e supplément / |h[ressource électronique]|c[publ. par] Imprimeur de la reine pour le Canada. |
| 260 | |aOttawa - Ontario : |bStatuts |cc1988. |
| 300 | |a1020p.|bfigures, tableaux |
| 500 | |aRévision réalisée sous le régime de la Loi sur les Lois révisées du Canada (1985) »--p.3 de 1020. |
| 520 | 3 |a« Ce deuxième supplément des Lois révisées du Canada (1985) comporte les lois — nouvelles ou modificatives — d'intérêt public et général adoptées par le Parlement en 1986, qu'elles aient été ou non en vigueur au moment où il a été établi. »--Présentation, p.1 de 1020. |
| 546 | |aBilingue |
| 590 | |a14-22-Supp|b2014-12-24 |
| 691 | 07|aLégislation|2gcpds |
| 776 | 0#|tRevised Statutes of Canada, 1985, Supplement II |w(CaOODSP)9.652955 |
| 791 | |tRevised Statutes of Canada, 1985. 2nd supplement / |eeng|w(CaOODSP)9.676805 |
| 856 | 40|ahttp://publications.gc.ca|qPDF|s14.59 Mo|uhttps://publications.gc.ca/collections/collection_2014/lois-statutes/YX44-1985II.pdf |